000
00275nam a22001097a 4500
040
_c
NUST
082
_a
297.7 ISH
100
_a
Ishtiaq Ahmed Qureshi
_9
108954
245
_a
Sirate Mustaqeem ka takaza
260
_a
LAHORE:
_b
FAZLEES BOOK SUPERMARKET,
_c
2021.
942
_2
ddc
_c
BK
999
_c
593254
_d
593254